000 01189cad a22002295a 4500
001 L139827
008 070813s2007 xxkd f s 000 0 eng d
035 _a(Sirsi) u139827
041 0 _aeng
050 0 4 _a333.33 $2 18
110 2 _aCB Richard Ellis
_93675
245 0 0 _aUK property prospects
_bJuly 2007
_h[electronic resource]
260 _aLondon
_bCBRE
_c2007
490 0 _aCB Richard Ellis UK Property Prospects
_vJuly 2007
520 _aReports that total investment into UK commercial real estate was £13bn in the second quarter of 2002, slightly above the previous quarter and in line with 2006 levels. However, a period of much weaker returns is predicted, with CB Richard Ellis forecasting an all property turn return for UK commercial property of 5.5% in 2007, dropping to 5% in 2008. Offices are forecast to be the best performing sector, with retail the weakest.
590 _aKA
650 2 4 _aCB RICHARD ELLIS UK PROPERTY PROSPECTS
651 4 _aUnited Kingdom
_y
690 _aPROPERTY-COMMERCIAL PROPERTY-COMMERCIAL PROPERTY MARKET
856 4 0 _uhttps://www.cbre.co.uk
_zView the item free of charge via the UK InfoMAP facility at www.cbre.co.uk...
942 _n0
999 _c107357
_d107357